A first course in optimization / (Record no. 104455)
[ view plain ]
| 000 -LEADER | |
|---|---|
| fixed length control field | 00534nam a22001937a 4500 |
| 003 - CONTROL NUMBER IDENTIFIER | |
| control field | BD-ChCU |
| 005 - DATE AND TIME OF LATEST TRANSACTION | |
| control field | 20241106122716.0 |
| 008 - FIXED-LENGTH DATA ELEMENTS--GENERAL INFORMATION | |
| fixed length control field | 241106b nyu ||||| |||| 00| 0 eng d |
| 020 ## - INTERNATIONAL STANDARD BOOK NUMBER | |
| International Standard Book Number | 9781482226584 |
| 040 ## - CATALOGING SOURCE | |
| Transcribing agency | BD-ChCU |
| 082 ## - DEWEY DECIMAL CLASSIFICATION NUMBER | |
| Edition number | 22 |
| Classification number | 519.6 |
| Item number | B996f |
| 100 ## - MAIN ENTRY--PERSONAL NAME | |
| Personal name | Byrne,Charles.L. |
| 9 (RLIN) | 5409 |
| 245 ## - TITLE STATEMENT | |
| Title | A first course in optimization / |
| Statement of responsibility, etc. | Charles.L.Byrne. |
| 260 ## - PUBLICATION, DISTRIBUTION, ETC. | |
| Place of publication, distribution, etc. | New York : |
| Name of publisher, distributor, etc. | C R C Press, |
| Date of publication, distribution, etc. | c2015 |
| 300 ## - PHYSICAL DESCRIPTION | |
| Extent | 286 P. : |
| 504 ## - BIBLIOGRAPHY, ETC. NOTE | |
| Bibliography, etc. note | Includes Index. |
| 650 #0 - SUBJECT ADDED ENTRY--TOPICAL TERM | |
| Topical term or geographic name entry element | Mathematical Optimization. |
| 9 (RLIN) | 5410 |
| 942 ## - ADDED ENTRY ELEMENTS (KOHA) | |
| Source of classification or shelving scheme | Dewey Decimal Classification |
| Koha item type | Books |
| Suppress in OPAC | No |
| Withdrawn status | Lost status | Source of classification or shelving scheme | Damaged status | Not for loan | Home library | Current library | Date acquired | Source of acquisition | Total Checkouts | Full call number | Barcode | Date last seen | Copy number | Price effective from | Koha item type |
|---|---|---|---|---|---|---|---|---|---|---|---|---|---|---|---|
| Dewey Decimal Classification | Chittagong University Library | Chittagong University Library | 11/06/2024 | purchase | 519.6 B996f | 329568 | 11/06/2024 | C-1 | 11/06/2024 | Books | |||||
| Dewey Decimal Classification | Chittagong University Library | Chittagong University Library | 11/06/2024 | purchase | 519.6 B996f | 329569 | 11/06/2024 | C-2 | 11/06/2024 | Books | |||||
| Dewey Decimal Classification | Chittagong University Library | Chittagong University Library | 11/06/2024 | purchase | 519.6 B996f | 329626 | 11/06/2024 | C-3 | 11/06/2024 | Books | |||||
| Dewey Decimal Classification | Chittagong University Library | Chittagong University Library | 11/06/2024 | purchase | 519.6 B996f | 329627 | 11/06/2024 | C-4 | 11/06/2024 | Books | |||||
| Dewey Decimal Classification | Chittagong University Library | Chittagong University Library | 11/06/2024 | purchase | 519.6 B996f | 329628 | 11/06/2024 | C-5 | 11/06/2024 | Books |